Antonio B. Won Pat Int. Airport Destinations (Hagåtña, Guam) - Statistics

General Stats
  • This quiz has been taken 101 times
    43 since last reset
  • The average score is 12 of 19
Answer Stats
Airline Destination % Correct
Philippine Airlines/United Airlines Manila
100%
Jeju Air/Jin Air/Korean Air/T'way Air Seoul (Incheon)
97%
United Airlines Tokyo (Haneda)
97%
Japan Airlines/Jeju Air/United Airlines Tokyo (Narita)
97%
United Airlines Honolulu
90%
Jin Air/Korean Air Busan
87%
T'way Air/United Airlines Osaka (Kansai)
80%
China Airlines/Starlux Airlines/United Airlines Taipei (Taoyuan)
73%
United Airlines Majuro
57%
United Airlines Nagoya (Centrair)
57%
United Airlines Saipan
57%
T'way Air Daegu
47%
United Airlines Koror
43%
United Airlines Chuuk
40%
United Airlines Kwajalein
33%
United Airlines Pohnpei
33%
United Airlines Yap
33%
United Airlines Kosrae
30%
Star Marianas Air Rota
20%
No matching quizzes found
Score Distribution
Percent of People with Each Score
Percentile by Number Answered
Your Score History
You have not taken this quiz since the last reset